000 00622nam a22002177a 4500
003 UA-OsUOA
001 72246
007 ta
008 20101230b un ||||| |||| 00| 0 ukr d
100 _aТкаченко І.
090 _a82
_bТ48
942 _cSA
040 _aUA-OsUOA
_bukr
_cUA-OsUOA
_dUA-OsUOA
245 _aУкраїнська преса й український читач Наддніпрянської України (1905-1914)
300 _aС.23-31
955 _a0
041 _aukr
080 _a82
773 0 _w72244
650 7 _a82 Література. Літературознавство
_2UDC
999 _c358531
_d358531